书目信息 |
| 题名: |
占易秘解
|
|
| 作者: | 张丙哲 著 ;孙国中 点校 | |
| 分册: | ||
| 出版信息: | 北京 团结出版社 2009 |
|
| 页数: | 390页 | |
| 开本: | 23cm | |
| 丛书名: | ||
| 单 册: | ||
| 中图分类: | B221.5 , B992.2 | |
| 科图分类: | ||
| 主题词: | 八卦--研究 , 八卦 | |
| 电子资源: | ||
| ISBN: | 978-7-80214-500-9 | |
| 000 | 00955nam0 2200301 450 | |
| 001 | 523 | |
| 005 | 20140904160326.39 | |
| 010 | @a978-7-80214-500-9@dCNY39.60 | |
| 100 | @a20090623d2009 em y0chiy50 ea | |
| 101 | 0 | @achi |
| 102 | @aCN@b110000 | |
| 105 | @aa z 000yy | |
| 106 | @ar | |
| 200 | 1 | @a占易秘解@AZhan Yi Mi Jie@f(清)张丙哲著@F( Qing ) Zhang Bing Zhe Zhu@g孙国中点校 |
| 210 | @a北京@c团结出版社@d2009 | |
| 215 | @a390页@c图@d23cm | |
| 300 | @a清朝第一奇书 | |
| 330 | @a本书为《占易秘解》的点校,依据清代光绪丙申年三月的刊刻本,在整理时笔者认真审核了本书中的引文,发现有不少引文均有省略。全书包括占易秘解、周易卦象、图说三篇。 | |
| 605 | @a周易@x研究 | |
| 605 | @a周易 | |
| 606 | 0 | @a八卦@x研究 |
| 606 | 0 | @a八卦 |
| 690 | @aB221.5@v5 | |
| 690 | @aB992.2@v5 | |
| 701 | 0 | @c(清)@a张丙哲@AZhang Bing Zhe@4著 |
| 702 | 0 | @a孙国中@ASun Guo Zhong@4点校 |
| 801 | 0 | @aCN@bTANGWEI@c20140603 |
| 905 | @b0842357-59@dB221.5@e460@f3 | |
| 占易秘解/(清)张丙哲著/孙国中点校.-北京:团结出版社,2009 |
| 390页:图;23cm |
| 清朝第一奇书 |
| ISBN 978-7-80214-500-9:CNY39.60 |
| 本书为《占易秘解》的点校,依据清代光绪丙申年三月的刊刻本,在整理时笔者认真审核了本书中的引文,发现有不少引文均有省略。全书包括占易秘解、周易卦象、图说三篇。 |
| ● |
| 相关链接 |
|
|
|
|
正题名:占易秘解
索取号:B221.5/460
 
预约/预借
| 序号 | 登录号 | 条形码 | 馆藏地/架位号 | 状态 | 备注 |
| 1 | 0842357 | 208423570 | 第一样本阅览室/ [索取号:B221.5/460] | 在馆 | |
| 2 | 0842358 | 208423589 | 第一借阅区/ [索取号:B221.5/460] | 在馆 | |
| 3 | 0842359 | 208423598 | 第一借阅区/ [索取号:B221.5/460] | 在馆 |